000 01385nam a2200217Ia 4500
001 17705
003 GE_BSU
008 181216s||||||||xx |||||||||||||| ||und||
020 _a978-9941-429-20-0
040 _cGE_BSU
080 _a579.66(073)
100 _aლორთქიფანიძე, როზა
245 _aნაყოფიერების გაუმჯობესება და თხილის გაშენების ტექნოლოგიები სამეგრელოსა და იმერეთის ალუვიურ ნიადაგებზე = Technologies of nut cultivation and productivity improvement in Samegrelo and Imereti alluvial soils
260 _aქუთაისი
260 _b(შპს "მბმ-პოლიგრაფი")
260 _c2012
300 _a106გვ. : სურ. ; 20სმ
653 _aთხილის კულტურა საქართველოში; თხილის ნაყოფიერების გაუმჯობესება
653 _aნაყოფიერების გაუმჯობესება და თხილის გაშენების ტექნოლოგიები სამეგრელოსა და იმერეთის ალუვიურ ნიადაგებზე
942 _cBK
999 _c50753
_d50753